| 000 | 00919nam a22002897a 4500 | ||
|---|---|---|---|
| 001 | 7385 | ||
| 003 | FISKH | ||
| 005 | 20250711133749.0 | ||
| 008 | 250711b cb ||||| |||| 00| 0 eng d | ||
| 020 | _a078073005994 | ||
| 040 |
_aFISKH _beng _cFISKH _dFISKH |
||
| 050 | _aPZ7.O81167 R | ||
| 082 | _a813.54 | ||
| 100 | _aOsborne, Mary Pope | ||
| 245 |
_aRocking horse Christmas / _cby Mary Pope Osborne ; Painting by Ned Bittinger |
||
| 250 | _aFirst Bookself edition, October 2004 | ||
| 260 |
_aNew York : _bScholastic, _c1997 |
||
| 300 |
_a32 unnumbered pages : _bcolor illustrations ; _c21 x 26 cm |
||
| 505 | _aN | ||
| 520 | _aA boy gets a rocking horse for Christmas that takes him to faraway places. | ||
| 521 | 8 |
_a550
_bLexile AD |
|
| 521 | 8 |
_aN
_bRaz-Plus |
|
| 650 |
_aChristmas _vRocking horse _xFiction |
||
| 700 |
_aBittinger, Ned _eillustrator |
||
| 942 |
_2ddc _cBK _n0 |
||
| 999 |
_c7385 _d7385 |
||